|
|
|
|
| LEADER |
00000nab a2200000 a 4500 |
| 001 |
vtls000788488 |
| 003 |
SK-MaSNL |
| 005 |
20260304235357.0 |
| 008 |
250429c2001 xo 0 slo |
| 015 |
|
|
|a SNBRB2002/04-11604
|
| 035 |
|
|
|a CLN000140143
|
| 035 |
|
|
|a urn:nbn:sk:snk-abagnn
|
| 035 |
|
|
|a (urnnbn)urn:nbn:sk:snk:ar-007oym
|
| 035 |
|
|
|a (uuid)2255fcf8-4374-4233-a3c2-0ccfd82d2c2c
|
| 040 |
|
|
|a SNKBUCL
|b slo
|c SNKBUCL
|e AACR2
|
| 041 |
0 |
|
|a cze
|
| 044 |
|
|
|a xo
|c SK
|
| 080 |
|
|
|a 616.5-002.3
|2 1997
|
| 080 |
|
|
|a 616.419-006.4
|2 1997
|
| 245 |
0 |
0 |
|a Kožní ulcerace v důsledku kryoglobulinémie I. typu jako první projev mnohočetného myelomu
|c A. Gaja ... [et al.]
|
| 300 |
|
|
|b Obr.
|
| 504 |
|
|
|a Res. angl., čes.
|
| 504 |
|
|
|a Bibliogr. odkazy
|
| 650 |
0 |
7 |
|a kryoglobulinémia
|2 snkbucl
|9 839638
|
| 650 |
0 |
7 |
|a ulcerácia
|x koža
|2 snkbucl
|9 1572806
|
| 650 |
0 |
7 |
|a mnohopočetný myelóm
|2 snkbucl
|9 182876
|
| 655 |
|
7 |
|a články z novín a časopisov
|2 snkbucl
|9 267496
|
| 700 |
1 |
|
|a Gaja, Alexander
|4 aut
|9 1413286
|
| 700 |
1 |
|
|a Fraňková, H.
|4 aut
|9 792741
|
| 700 |
1 |
|
|a Valík, D.
|4 aut
|9 793016
|
| 700 |
1 |
|
|a Churý, Zdeněk,
|d 1925-2010
|4 aut
|9 197606
|
| 773 |
0 |
|
|t Česko-slovenská dermatologie
|g Roč. 76, č. 4 (2001), s. 189-192
|x 0009-0514
|
| 850 |
|
|
|a Slovenská národná knižnica
|
| 852 |
|
|
|a Slovenská národná knižnica
|
| 954 |
|
|
|a odborná, vedecká literatúra cudzojazyčná (svetová)
|2 lita
|
| 958 |
|
|
|a article14
|
| 958 |
|
|
|a MI
|
| 958 |
|
|
|a NB
|
| 958 |
|
|
|a OND
|
| 958 |
|
|
|a EUIPO
|
| 999 |
|
|
|c 3208721
|d 3210651
|